000 00264nam a2200121 a 4500
001 4144
005 20140414131852.0
008 090317s19uu xx 00 eng d
050 _aM 621.8
_bC67 2000
100 _aCole, Sally
245 _aCranes.
999 _c110227
_d110227